| 000 | 00882nam a2200229 a 4500 | ||
|---|---|---|---|
| 003 | CO-ViMGA | ||
| 005 | 20230915233126.0 | ||
| 008 | 111202s2010 ck a gr 000 0dspa d | ||
| 020 | _a9789589177464 | ||
| 040 |
_aCO-ViMGA _bspa _cCO-ViMGA |
||
| 043 | _as-ck--- | ||
| 082 | 0 | 4 |
_a363.69 _bC65p3 _221 |
| 110 | 1 |
_aColombia. _bMinisterio de Cultura. _92726 |
|
| 245 | 1 | 0 |
_aPatrimonio cultural para todos : _buna guía de fácil comprensión / _cMinisterio de Cultura. |
| 260 |
_aBogotá : _bMinisterio de Cultura. Dirección de Patrimonio, _c2010. |
||
| 300 |
_a95 p. : _bil. ; _c23 cm. |
||
| 504 | _aIncluye bibliografías. | ||
| 650 | 1 | 4 |
_aPatrimonio cultural _z Colombia _v Preguntas y respuestas. _92727 |
| 650 | 1 | 4 |
_aBienes culturales _z Colombia _v Preguntas y respuestas. _92728 |
| 650 | 1 | 4 |
_aPatrimonio histórico _z Colombia _v Preguntas y respuestas. _92729 |
| 942 |
_2ddc _cBK |
||
| 999 |
_c35345 _d35345 |
||